000 01019nac a22003137a 4500
001 BR9212164
003 BR-BrBNA
005 20240105121312.0
008 230509b bl.|||m| |||| 00| 0 por d
040 _aBR-BrBNA
_bpor
_cBiblioteca Nacional de Agricultura
072 _aF01; H20
090 _a0336 BR9212164
110 1 _aOrganizacao das Cooperativas do Estado do Parana, Cascavel (Brasil)
_97725
245 1 _aRecomendacoes tecnicas para a cultura da soja no Parana 1992/93
260 3 _aCascavel, PR (Brasil):
_c1992.
300 _a124 p.
490 _aBoletim Tecnico - Organizacao das Cooperativas do Estado do Parana (Brazil)
_vno. 31
_xISSN 0102-5783
500 _a32 tables; Bibliography p. 118-123 (73 ref.)
650 _aSoja
650 _aManejo do Solo
650 _aRotacao de Cultura
650 _aVariedade
650 _aColheita
650 _aEpoca de Semeadura
650 _aClima
650 _aParana
909 _a202312
_bLúcia Elande
_c55
_dLúcia Elande
942 _2AGRIS
_n0
_cMS
999 _c284512
_d284512